000 00339nam a2200133Ia 4500
008 231129s1979||||xx |||||||||||||| ||spa||
040 _bspa
082 _a909 M778h
100 _aMontenegro G. Augusto
245 0 _aHistoria y geografia resumidas : America y antiguo continente
260 _c1979
264 _aNorma
942 _2ddc
_cBKS
999 _c15357
_d15357